Sports Quiz

Random Sports or NBA Quiz
Score 0/100 Timer 10:00
0 Plays Today
Team Players % Correct
CavaliersLebron James
97.8%
WarriorsSteph Curry
95.2%
WarriorsKevin Durant
95%
ThunderRussell Westbrook
94.8%
PelicansAnthony Davis
94.8%
SpursKawhi Leonard
94.5%
RocketsJames Harden
94.5%
WizardsJohn Wall
93.4%
TimberwolvesJimmy Butler
92.6%
WarriorsDraymond Green
92.6%
WarriorsKlay Thompson
92.6%
CelticsKyrie Irving
92.4%
CavaliersTristan Thompson
92.1%
ThunderPaul George
91.9%
RocketsChris Paul
91.9%
SpursDanny Green
91.7%
TimberwolvesKarl Anthony Towns
91.3%
ThunderCarmelo Anthony
91%
CelticsGordon Hayward
90.8%
BlazersDamian Lillard
90.6%
ClippersBlake Griffin
90%
PelicansDemarcus Cousins
89.7%
RaptorsKyle Lowry
88.2%
Jazz Rudy Gobert
88%
RaptorsDemar Derozan
88%
CavaliersKevin Love
87.6%
WizardsBradley Beal
87.6%
GrizzliesMarc Gasol
86.9%
KnicksKristaps Porzingis
86.7%
SpursPau Gasol
86.7%
GrizzliesMike Conley
86%
HornetsKemba Walker
86%
CavaliersIsaiah Thomas
86%
NuggetsNikola Jokic
85.4%
Team Players % Correct
SixersJoel Embiid
85.4%
ClippersDeandre Jordan
84.9%
BucksGiannis Antetokounmpo
81.2%
BlazersCj McCollum
80.3%
HeatHassan Whiteside
79.7%
NuggetsPaul Millsap
79.3%
SunsDevin Booker
79.3%
SpursPatty Mills
74.7%
LakersLonzo Ball
74.5%
SunsEric Bledsoe
74.2%
PacersMyles Turner
72.1%
CelticsAl Horford
71.4%
CavaliersJr Smith
70.1%
ThunderSteven Adams
69.9%
SpursLamarcus Aldridge
67.5%
SixersBen Simmons
67%
Heat Goran Dragic
66.2%
TimberwolvesAndrew Wiggins
65.7%
LakersBrook Lopez
65.1%
BucksKhris Middleton
64.6%
CavaliersDwayne Wade
63.5%
WarriorsAndre Iguodala
61.8%
WizardsOtto Porter
61.8%
BlazersJusuf Nurkic
60.9%
CavaliersDerrick Rose
60.7%
PistonsAndre Drummond
60%
PacersVictor Oladipo
57.6%
SixersMarkelle Fultz
55%
MavericksDirk Nowitzki
55%
CavaliersJae Crowder
54.8%
PelicansJrue Holiday
54.1%
RocketsEric Gordon
52.6%
MagicAaron Gordon
52.6%
SixersJj Redick
51.3%
Team Players % Correct
NetsDeangelo Russell
51.3%
MavericksHarrison Barnes
48.5%
JazzRicky Rubio
48%
SunsJosh Jackson
47.4%
ClippersLou Williams
47.4%
KingsGeorge Hill
46.1%
RocketsClint Capela
46.1%
ClippersDanilo Gallinari
45.9%
TimberwolvesJeff Teague
45.2%
HornetsNicolas Batum
44.3%
PistonsAvery Bradley
44.1%
KnicksTim Hardaway
43.4%
RocketsTrevor Ariza
42.8%
BucksMalcolm Brogdon
40.2%
SixersRobert Covington
39.7%
NuggetsGary Harris
39.3%
RocketsRyan Anderson
39.1%
HawksDennis Schroder
38.4%
RaptorsSerge Ibaka
37.1%
SixersDario Saric
36.2%
WizardsMarkieff Morris
36%
HeatDion Waiters
34.9%
CelticsMarcus Smart
32.8%
ThunderAndre Roberson
32.1%
WarriorsNick Young
31.7%
ClippersPatrick Beverly
28.6%
NuggetsJamal Murray
28.2%
LakersKentavious Caldwell Pope
17.2%
ThunderPatrick Patterson
16.8%
SunsTyler Ulis
10.3%
HornetsMichael Kidd Gilchrist
8.1%
NetsCaris Lavert
5%
Remove Ads.
Support Sporcle.
Get the best of Sporcle when you Go Orange. This ad-free experience offers more features, more stats, and more fun while also helping to support Sporcle. Thank you for becoming a member.

You're not logged in!

Compare scores with friends on all Sporcle quizzes.
OR
Log In

Sporcle TV

Today on Sporcle TV


Watch our educational content, quiz creation guides, and fun videos on Sporcle TV.

Show Comments

Extras

Created Sep 26, 2017ReportNominate
Tags:NBA Quiz, 100, 2017-2018, Player, team

Top Quizzes Today


Score Distribution

Paid Content

Your Account Isn't Verified!

In order to create a playlist on Sporcle, you need to verify the email address you used during registration. Go to your Sporcle Settings to finish the process.

Report this User

Report this user for behavior that violates our Community Guidelines.

Details: